| 000 | 00556cam a2200169 4500 | ||
|---|---|---|---|
| 005 | 20250901165537.0 | ||
| 008 | 740719s1974 ne b 001 0 eng | ||
| 010 | _a 74171187 | ||
| 020 | _a9004038124 | ||
| 050 | 0 | 0 |
_aB753.I53 .R643 1974 _bR643 |
| 082 | 0 | 0 | _a181/.07 |
| 100 | 1 | _aHawi, Sami S. | |
| 245 | 1 | 0 |
_aIslamic naturalism and mysticism. _bA philosophic study of Ibn Ṭufayl's Ḥayy bin Yaqṣān. _cBy Sami S. Hawi. |
| 260 |
_aLeiden, _bBrill, _c1974. |
||
| 300 |
_axiii, 282 p. _c25 cm. |
||
| 942 |
_2lcc _hB753.I53 .R643 1974 |
||
| 999 |
_c5607 _d5607 |
||